Countries with majority immigrant population - Statistics

General Stats
  • This quiz has been taken 19 times
    18 since last reset
  • The average score is 30 of 43
Answers on the Map
Answers color-coded by a green-red scale on the quiz's map according to % correct below.
 
Answer Stats
Answer % Correct
Australia
88%
Canada
88%
Bahamas
81%
Brazil
81%
Mexico
81%
New Zealand
81%
USA
81%
Barbados
75%
Cuba
75%
Dominica
75%
Dominican republic
75%
Haiti
75%
Saint lucia
75%
Singapore
75%
Trinidad and tobago
75%
Antigua and Barbuda
69%
Argentina
69%
Bolivia
69%
Chile
69%
Colombia
69%
Costa rica
69%
Ecuador
69%
El Salvador
69%
Guatemala
69%
Guyana
69%
Honduras
69%
Jamaica
69%
Nicaragua
69%
Panama
69%
Paraguay
69%
Peru
69%
Saint kitts and nevis
69%
Saint Vincent and the Grenadines
69%
Suriname
69%
Uruguay
69%
Venezuela
69%
Belize
63%
Grenada
63%
Cape verde
44%
Israel
44%
Mauritius
44%
Sao tome and principe
44%
Taiwan
31%
No matching quizzes found
Score Distribution
Percent of People with Each Score
Percentile by Number Answered
Your Score History
You have not taken this quiz since the last reset